000 00597nam a2200229Ia 4500
003 OSt
005 20220928101757.0
006 a|||||r|||| 00| 0
007 ta
008 220927b |||||||| |||| 00| 0 eng d
024 _a80207
037 _cTextual
040 _aSDCL
_cSDCL
_beng
041 _2eng
_aeng
082 _aO-,6N06,1:g, K5
100 _aBeckett Samuel
_9395062
245 0 _aProust three dialogues.
260 _aLondon
_bCalder & Boyars
_c1965
300 _a126p
_ccm.
942 _hO-,6N06,1:g, K5
_cTEXL
_2CC
999 _c710684
_d710684